000 00596nam a2200205Ia 4500
001 23815
003 GE_BSU
008 181216s||||||||xx |||||||||||||| ||und||
040 _cGE_BSU
245 _aГосударство и право. №7. Июль 2018.
245 _cГл.ред.А.С.Автономов
260 _aмосква
260 _c2018г.
300 _a176с;29см;
653 _aГосударство и право. №7. Июль 2018.
653 _aПериодика
653 _aპერიოდიკა
653 _aსამართალი
942 _cCR
999 _c56693
_d56693